Statistiques concernant Stations du métro et du tramway de Toulouse sur une carte

Cliquez ici pour prendre le quiz!

Statistiques générales

  • Ce quiz a été pris 135 fois
  • Le résultat moyen est 40 sur 63

Réponses sur la Carte

Les réponses sont colorées sur une échelle allant du rouge au vert en fonction du pourcentage des utilisateurs qui les ont devinées à leur premier essai. Vous pouvez retrouver ces pourcentages ci-dessous.
 

Statistiques - réponses

LigneArrêt% Correct
ACapitole
92%
BJean Jaurès
92%
AJean Jaurès
92%
T1Palais de Justice
86%
BPalais de Justice
86%
ASaint Cyprien - République
86%
AMirail - Université
85%
AArènes
84%
T1Arènes
84%
BLa Vache
84%
BUniversité Paul Sabatier
84%
ABasso Cambo
83%
BCarmes
82%
AEsquirol
82%
BJeanne d'Arc
82%
BTrois Cocus
82%
ABalma-Gramont
81%
BFaculté de Pharmacie
77%
BMinimes - Claude Nougaro
77%
BBorderouge
76%
BFrançois Verdier
76%
AMarengo - SNCF
76%
APatte d'Oie
76%
BRamonville
76%
BSaint Agne SNCF
76%
BEmpalot
75%
BSaint Michel - Marcel Langer
75%
BCompans - Caffarelli
74%
AFontaine Lestang
73%
AReynerie
73%
BCanal du Midi
72%
BRangueil
72%
ARoseraie
72%
AArgoulets
71%
AJolimont
71%
BBarrière de Paris
70%
ABagatelle
69%
ABellefontaine
69%
BSaouzelong
68%
AMermoz
66%
T1Zénith
63%
T1Fer à Cheval
57%
T1Croix de Pierre
54%
T1Purpan
54%
T1Cartoucherie
52%
T1Île du Ramier
49%
T1Déodat de Séverac
48%
T1Hippodrome
48%
T1Arènes Romaines
41%
T1Aéroconstellation
40%
T1MEETT
40%
T1Ancely
39%
T1Avenue Muret - Marcel Cavaillé
39%
T1Beauzelle - Aeroscopia
33%
T1Patinoire Barradels
33%
T1Odyssud - Ritouret
27%
T1Pasteur - Mairie de Blagnac
27%
T1Andromède Lycée
26%
T1Servanty Airbus
25%
T1Place Georges Brassens
24%
T1Grand Noble
23%
T1Guyenne Berry
23%
T1Place du Relais
18%

Distribution des résultats

Percentile par nombre de réponses

% des personnes avec chaque résultat

Votre développement - résultats

Vous n’avez pas pris ce quiz